000
00318nam a22001217a 4500
008
160423b xxu||||| |||| 00| 0 eng d
020
_a
9780838503461
020
_a
0838503462
041
_a
eng
080
_a
618.2
245
_a
Critical care nursing:
_c
Marianne CHulay;Cathie Guzzetta; Barbara Dossey;
942
_2
udc
_c
BK
999
_c
1550
_d
1550